Click the Avenger Quiz Stats

 Plays Quiz Updated Aug 30, 2019

Score 0/15 Timer 04:00
3 Plays Today
Question Answer Wrong Answers
Captain America Captain America
99.3%
Deathloke
0.2%
Thor
0.3%
Captain Britain
0.3%
Hulk Hulk
98.4%
Drax
0.1%
Thing
0.2%
Thanos
0.1%
Iron Man Iron Man
96.2%
Blizzard
0.2%
Shocker
3.2%
War Machine
0.2%
Black Panther Black Panther
95.8%
Doctor Voodoo
0.7%
Black Cat
0.7%
Hellcat
0.4%
Hawkeye Hawkeye
95.2%
Winter Soldier
1.3%
Iron Fist
1.4%
Boomerang
1%
Black Widow Black Widow
94.9%
Spider Girl
2.4%
Nico Minoru
0.3%
Domino
1.2%
Thor Thor
92.3%
Beta Ray Bill
6.9%
Adam Warlock
0.2%
Hercules
0.2%
Vision Vision
87.1%
Star-Lord
2.6%
Kang
1.8%
Thane
5.7%
Hank Pym Hank Pym
83.9%
Spider-man
0.8%
Ultimate Spider-man
5.8%
Daredevil
8%
Ms Marvel (Carol Danvers) Ms Marvel
81.6%
Rogue
7.7%
Thor
2.5%
Karolina Dean
5.8%
Quicksilver Quicksilver
79.4%
Colossus
10.1%
Spiral
3.8%
Karnak
4%
Scarlet Witch Scarlet Witch
76.5%
Red She Hulk
3.1%
Medusa
17.6%
Magik
1%
Wasp Wasp
74.1%
Mockingbird
3.3%
Ms. Marvel
13.9%
Mantis
7%
Wonder Man Wonder Man
62.4%
Magneto
3.6%
Dr Strange
3.9%
Hyperion
28%
Falcon Falcon
53%
Hawkeye
2.1%
Howard the Duck
0.2%
Archangel
42.3%

You're not logged in!

Compare scores with friends on all Sporcle quizzes.
OR
Log In

Sporcle TV

Today on Sporcle TV


Watch our educational content, quiz creation guides, and fun videos on Sporcle TV.

Show Comments

Extras

Top Quizzes Today


Score Distribution

Your Account Isn't Verified!

In order to create a playlist on Sporcle, you need to verify the email address you used during registration. Go to your Sporcle Settings to finish the process.

Report this User

Report this user for behavior that violates our Community Guidelines.

Details: